| 000 | 00990nam a2200289Ia 4500 | ||
|---|---|---|---|
| 003 | OSt | ||
| 005 | 20220918172008.0 | ||
| 006 | a|||||r|||| 00| 0 | ||
| 007 | ta | ||
| 008 | 220917b |||||||| |||| 00| 0 eng d | ||
| 020 |
_a9789004155497 (hbk) _c5149.54 |
||
| 024 | _a234,535 | ||
| 037 |
_b24633, 01/01/2008, Segment Book Distributors _cTextual |
||
| 040 |
_aARTS _cARTS _beng |
||
| 041 |
_2eng _aeng |
||
| 082 | _aY:1.498, P7 | ||
| 100 |
_aKlimburg-Salter Deborah Ed. _939729 |
||
| 245 | 0 | _aText, image and song in transdisciplinary dialogue | |
| 260 |
_aLeiden _bBrill _c2006 |
||
| 300 |
_aviii,247p. _ccm. |
||
| 490 | _aBrill's tibetan studies library; 10/7 | ||
| 650 | _aSOCIOLOGY; CULTURE | ||
| 700 |
_a Jahoda Christian Ed. _939730 |
||
| 700 |
_a Tropper Kurt Ed. _939731 |
||
| 942 |
_hY:1.498, P7 _cTEXL _2CC |
||
| 999 |
_c142188 _d142188 |
||